Niall Horan - Little More Time - All lyrics - Statistics

General Stats
  • This quiz has been taken 11 times
  • The average score is 325 of 366
Answer Stats
Answer % Correct
a
100%
A
100%
(A
100%
and
100%
I
100%
I'm
100%
in
100%
is
100%
Just
100%
just
100%
(Just
100%
little
100%
me
100%
more
100%
more,
100%
my
100%
of
100%
So
100%
the
100%
The
100%
time,
100%
time
100%
time)
100%
we
100%
we're
100%
you,
100%
your
100%
You're
100%
all
86%
drink
86%
'fore
86%
goodbye
86%
I'd
86%
One
86%
saying
86%
with
86%
bed
71%
bottle
71%
but
71%
But
71%
'em
71%
every
71%
keep
71%
Laying
71%
live
71%
makin'
71%
mine,
71%
mine
71%
off,
71%
off
71%
or
71%
side
71%
song
71%
that
71%
this
71%
wanna
71%
wine
71%
world
71%
yours
71%
cinematically
57%
Climb
57%
climbing
57%
clock
57%
could
57%
dancing
57%
down
57%
had
57%
hall
57%
house
57%
instead
57%
moment
57%
Oh,
57%
oh
57%
painted
57%
plane
57%
spin
57%
taking
57%
Turn
57%
up
57%
upside
57%
walls
57%
walls,
57%
wish
57%
without
57%
Bury
43%
decomposing
43%
detail
43%
freeze
43%
need
43%
steal
43%
Write
43%
No matching quizzes found
Score Distribution
Percent of People with Each Score
Percentile by Number Answered
Your Score History
You have not taken this quiz